[Event "DSOL 03 Liga Gr-B 1st"]
[Site "Playchess.com INT"]
[Date "2020.07.27"]
[Round "6.4"]
[White "Zimmermann, Manfred"]
[Black "Mohwinkel, Klaus"]
[Result "1-0"]
[WhiteElo "1856"]
[BlackElo "1606"]
[PlyCount "79"]
[EventDate "2020.06.22"]
[EventType "team-tourn (rapid)"]
[EventCountry "GER"]
[SourceTitle "EXT 2021"]
[Source "ChessBase"]
[SourceDate "2020.10.23"]
[SourceVersion "1"]
[SourceVersionDate "2020.10.23"]
[SourceQuality "1"]
[WhiteTeam "Kiel SG"]
[BlackTeam "Eilenriede Weiss Blau"]
[WhiteTeamCountry "GER"]
[BlackTeamCountry "GER"]

1. d4 Nf6 2. Nf3 e6 3. e3 d5 4. Bd3 Be7 5. Nbd2 0-0 6. b3 Nbd7 7. Bb2 c5 8. 0-0 b6 9. Ne5 Nxe5 10. dxe5 Nd7 11. f4 f6 12. c4 fxe5 13. fxe5 Rxf1+ 14. Qxf1 Qf8 15. Qe2 Qe8 16. Rf1 Nf8 17. Rf3 a5 18. a4 Bb7 19. Rh3 dxc4 20. Nxc4 Bd5 21. Nxb6 Rb8 22. Nxd5 exd5 23. Qc2 g6 24. Qc3 Ne6 25. Bb5 Qd8 26. Qd3 Bf8 27. Bc6 Nc7 28. e4 c4 29. Bxd5+ Nxd5 30. Qxd5+ Qxd5 31. exd5 Rxb3 32. Rxb3 cxb3 33. Kf1 Kf7 34. Ke2 Bg7 35. e6+ Kf8 36. Bxg7+ Kxg7 37. Kd2 Kf8 38. d6 h5 39. h4 Ke8 40. Kc3 1-0

[Event "DSOL 03 Liga Gr-B 1st"]
[Site "Playchess.com INT"]
[Date "2020.07.13"]
[Round "4.4"]
[White "Idel, Ludwig Tobias"]
[Black "Mohwinkel, Klaus"]
[Result "0-1"]
[WhiteElo "903"]
[BlackElo "1606"]
[PlyCount "34"]
[EventDate "2020.06.22"]
[EventType "team-tourn (rapid)"]
[EventCountry "GER"]
[SourceTitle "EXT 2021"]
[Source "ChessBase"]
[SourceDate "2020.10.23"]
[SourceVersion "1"]
[SourceVersionDate "2020.10.23"]
[SourceQuality "1"]
[WhiteTeam "Luebeck SV II"]
[BlackTeam "Eilenriede Weiss Blau"]
[WhiteTeamCountry "GER"]
[BlackTeamCountry "GER"]

1. d4 Nf6 2. Nc3 d5 3. Nf3 e6 4. Bf4 Bd6 5. Bxd6 Qxd6 6. e3 0-0 7. Bd3 c6 8. Qd2 Nbd7 9. 0-0 e5 10. Rfe1 e4 11. Be2 exf3 12. Bxf3 Re8 13. Rad1 Nf8 14. Re2 Bg4 15. Bxg4 Nxg4 16. f3 Qxh2+ 17. Kf1 Qh1# 0-1

[Event "DSOL 03 Liga Gr-B 1st"]
[Site "Playchess.com INT"]
[Date "2020.07.06"]
[Round "3.4"]
[White "Mohwinkel, Klaus"]
[Black "Edelmann, Oliver"]
[Result "0-1"]
[WhiteElo "1606"]
[BlackElo "1825"]
[PlyCount "130"]
[EventDate "2020.06.22"]
[EventType "team-tourn (rapid)"]
[EventCountry "GER"]
[SourceTitle "EXT 2021"]
[Source "ChessBase"]
[SourceDate "2020.10.23"]
[SourceVersion "1"]
[SourceVersionDate "2020.10.23"]
[SourceQuality "1"]
[WhiteTeam "Eilenriede Weiss Blau"]
[BlackTeam "Graefelfing"]
[WhiteTeamCountry "GER"]
[BlackTeamCountry "GER"]

1. e4 b5 2. d4 Bb7 3. Bd3 Nf6 4. Qe2 e6 5. Nf3 a6 6. 0-0 Be7 7. Re1 0-0 8. Nbd2 c5 9. dxc5 Bxc5 10. Nb3 Be7 11. h3 d6 12. Bf4 Nbd7 13. Bh2 Nc5 14. Nxc5 dxc5 15. c3 Qb6 16. Rad1 Rad8 17. Bb1 h6 18. Qe3 Qa7 19. Qf4 Qa8 20. Qc7 Rxd1 21. Rxd1 Bd8 22. Qxc5 Nxe4 23. Bxe4 Bxe4 24. Qe3 Qb7 25. Ne1 Bb6 26. Qe2 Rd8 27. Rxd8+ Bxd8 28. Qd2 Bg5 29. Qd4 Bd5 30. a3 Bc1 31. Nd3 Bxg2 32. Qg4 Bf3 33. Qg3 Bg5 34. h4 Bf6 35. Qb8+ Qxb8 36. Bxb8 Bxh4 37. Nc5 Bg5 38. Nd3 Be2 39. Nc5 Bc1 40. Nxa6 Bxb2 41. Nc7 Bxc3 42. Ba7 b4 43. axb4 Bxb4 44. Be3 Bd6 45. Ne8 Be5 46. Bc5 Bb5 47. Nd6 Bd3 48. Bb4 g5 49. Nb7 Kg7 50. Nc5 Bf5 51. Nd7 Bd4 52. Nc5 h5 53. Nb3 Be5 54. Nd2 h4 55. Nf3 Bf4 56. Bc3+ f6 57. Nd4 Kg6 58. Nc6 g4 59. Ne7+ Kg5 60. Nc6 h3 61. Nd4 h2+ 62. Kg2 Be4+ 63. f3 Bxf3+ 64. Nxf3+ gxf3+ 65. Kh1 f2 0-1

[Event "Hannover Bezirk-ch B"]
[Site "Lehrte"]
[Date "2017.10.29"]
[Round "4.11"]
[White "Mohwinkel, Klaus"]
[Black "Koepp, Jan"]
[Result "1/2-1/2"]
[WhiteElo "1641"]
[BlackElo "1690"]
[PlyCount "81"]
[EventDate "2017.10.28"]
[EventType "swiss"]
[EventRounds "7"]
[EventCountry "GER"]
[SourceTitle "EXT 2022"]
[Source "ChessBase"]
[SourceDate "2021.10.06"]
[SourceVersion "1"]
[SourceVersionDate "2021.10.06"]
[SourceQuality "1"]

1. e4 c5 2. Nf3 Nc6 3. d4 cxd4 4. Nxd4 g6 5. c4 Bg7 6. Be3 Nf6 7. Nc3 d6 8. Be2 Ng4 9. Bxg4 Bxg4 10. f3 Bd7 11. Qd2 Rc8 12. b3 a6 13. Rc1 0-0 14. 0-0 Re8 15. Rfd1 b5 16. cxb5 Nxd4 17. Bxd4 Bxb5 18. Bxg7 Kxg7 19. Nxb5 Rxc1 20. Rxc1 axb5 21. Qc3+ Kg8 22. Qc6 Qb8 23. Kh1 Rd8 24. h3 h5 25. Qc7 Kf8 26. a4 bxa4 27. bxa4 Qxc7 28. Rxc7 Ra8 29. Rc4 Ke8 30. Kg1 Kd7 31. Kf2 e6 32. Ke3 Ra5 33. Kd3 Ra6 34. Rb4 Kc7 35. Kc3 Ra5 36. h4 f5 37. Rc4+ Kb7 38. Kb4 Re5 39. Rd4 Kc6 40. Rc4+ Kb6 41. Rd4 1/2-1/2

[Event "Hannover-chB"]
[Site "Lehrte"]
[Date "2016.10.04"]
[Round "7"]
[White "Schaper, Katharina"]
[Black "Mohwinkel, Klaus"]
[Result "1/2-1/2"]
[WhiteElo "1556"]
[BlackElo "1641"]
[PlyCount "49"]
[EventDate "2016.10.01"]
[EventType "swiss"]
[EventRounds "7"]
[EventCountry "GER"]
[SourceTitle "EXT 2020"]
[Source "ChessBase"]
[SourceDate "2019.10.17"]
[SourceVersion "1"]
[SourceVersionDate "2019.10.17"]
[SourceQuality "1"]

1. d4 Nf6 2. c4 e6 3. Nc3 d5 4. Bg5 Be7 5. Nf3 Nbd7 6. e3 0-0 7. cxd5 exd5 8. Bd3 c6 9. 0-0 Re8 10. Qc2 Nf8 11. Ne5 Ng4 12. Bxe7 Qxe7 13. Nf3 Nf6 14. h3 Ne4 15. Nd2 Nxd2 16. Qxd2 Qf6 17. Qc2 Qh4 18. Ne2 h6 19. Ng3 Qf6 20. b4 a6 21. a4 g6 22. b5 axb5 23. axb5 Rxa1 24. Rxa1 Bd7 25. bxc6 1/2-1/2

[Event "Hannover-chB"]
[Site "Lehrte"]
[Date "2015.11.01"]
[Round "7"]
[White "Hanemann, Henno"]
[Black "Mohwinkel, Klaus"]
[Result "1-0"]
[WhiteElo "1658"]
[BlackElo "1652"]
[PlyCount "129"]
[EventDate "2015.10.29"]
[EventType "swiss"]
[EventRounds "7"]
[EventCountry "GER"]
[SourceTitle "EXT 2021"]
[Source "ChessBase"]
[SourceDate "2020.10.23"]
[SourceVersion "1"]
[SourceVersionDate "2020.10.23"]
[SourceQuality "1"]

1. e4 c5 2. f4 d6 3. Bc4 e6 4. Nf3 Nc6 5. Qe2 Nge7 6. Nc3 a6 7. a4 Nd4 8. Nxd4 cxd4 9. Nd1 Nc6 10. c3 Be7 11. cxd4 Nxd4 12. Qd3 Nc6 13. 0-0 0-0 14. Nc3 Qb6+ 15. Kh1 Qd4 16. Qe2 Na5 17. d3 b6 18. Be3 Qf6 19. Bxb6 Nxc4 20. dxc4 Bb7 21. Rad1 e5 22. Nd5 Bxd5 23. fxe5 Qxe5 24. Rxd5 Qe6 25. Bd4 Rac8 26. Qd3 Rc6 27. b4 Rfc8 28. c5 dxc5 29. bxc5 Bf8 30. Rg5 Qe7 31. Qg3 Rg6 32. Rxg6 hxg6 33. Qe3 Qd7 34. e5 Qe6 35. h3 Qd5 36. Rc1 Qc6 37. Qb3 Be7 38. Rf1 Rf8 39. a5 Bg5 40. Qb6 Rc8 41. Qxc6 Rxc6 42. Rb1 Be7 43. Rb6 Rc8 44. c6 Bd8 45. Rxa6 Bxa5 46. Rxa5 Rxc6 47. Ra8+ Kh7 48. Rf8 Rc7 49. Kh2 Rd7 50. Be3 Re7 51. Bf4 Ra7 52. Kg3 Ra3+ 53. Kg4 Ra7 54. Kg5 Ra5 55. Rxf7 Rb5 56. Kg4 Kg8 57. e6 g5 58. Bxg5 Re5 59. Re7 Kf8 60. Kh5 Re2 61. g4 Re5 62. h4 Kg8 63. Kg6 Kf8 64. Rf7+ Kg8 65. Rxg7+ 1-0